000 00700nam a22002417a 4500
003 dpl
005 20180523164818.0
008 180523b xxu||||| |||| 00| 0 eng d0
010 _aB-159970
020 _c695.00
_a8173413665
035 _aB-159970
037 _bCen Lib/Ret
040 _aDPL
_bEN
_c0
082 _a921
_bGUP
100 _aGupta, Ramesh
245 _aSonia in command
_cby Ramesh Gupta
_bcollected and revised version /
260 _aDelhi
_bIndian Publishers
_c2001
270 _a156-D, Kamla Nagar
_bDelhi
_e110007
300 _a366p.
_c21cm(Hb)
650 _aAmate, Baba -- Poetry
_935598
650 _aAmate, Baba
_935599
942 _2ddc
_cEN
_h921
_mGUP
999 _c152240
_d152240